000 00588nam a22001817a 4500
003 UA-OsUOA
001 14227
007 ta
008 20030728b un ||||| |||| 00| 0 ukr d
100 _aЯсинська В.
942 _cSA
040 _aUA-OsUOA
_cUA-OsUOA
_dUA-OsUOA
245 _aДля громадського добра: [Громад. слухання проведені в Сарнен. р-ні]
300 _aС.3
955 _a0
773 0 _w0
_tСарненські новини
_dСарни
_d2003
_g№41/42/24 квіт./
650 7 _aКраєзнавча робота
_2UDC
999 _c300388
_d300388